000 00955nam a22002417a 4500
005 20100812165226.0
010 _aENG-99886
020 _a0195669762
_c3500.00
020 _a9780195669763
_c3500.00
035 _aEN-83418
037 _bDBAD/PUB
082 _a320.954
245 _aThe oxford companion to politics in India /
_cedited by Niraja Gopal Jayal [and] Pratap Bhanu Mehta
260 _aNew Delhi
_bOxford University Press
_c2010
270 _aYMCA Library BUilding, Jai Singh Road
_bNew Delhi
_e110001
300 _axxvi, 618p.
_c29cm (Hb)
500 _aincludes bibliographical references and index
650 _aPolitics & government
_912490
700 _aJayal, Niraja Gopal
_912039
700 _aMehta, Pratap Bhanu
_912084
942 _2ddc
_cEN
_h320.954
_mOXF
999 _c41473
_d41473